[Event "Michigan Class D/E"]
[Site "Auburn Hills"]
[Date "2005.01.16"]
[Round "4.1"]
[White "Oliver, Jaison"]
[Black "Saylor, Oliver"]
[Result "1-0"]
[WhiteElo "1262"]
[BlackElo "1398"]
[PlyCount "66"]
[EventDate "2005.01.15"]
[EventType "swiss"]
[EventRounds "5"]
[EventCountry "USA"]
[SourceTitle "EXT 2006"]
[Source "ChessBase"]
[SourceDate "2005.11.24"]
[SourceVersion "1"]
[SourceVersionDate "2005.11.24"]
[SourceQuality "1"]

1. c4 c5 2. Nc3 Nf6 3. e3 e6 4. Nge2 Be7 5. g3 0-0 6. Bg2 d6 7. 0-0 Nc6 8. Re1 Qd7 9. d4 cxd4 10. exd4 d5 11. cxd5 exd5 12. Nf4 Bb4 13. a3 Bxc3 14. bxc3 Qf5 15. a4 Be6 16. Bh3 Qg5 17. Nxe6 Qg6 18. Nxf8 Rxf8 19. Qb3 Qd3 20. Qxb7 Qxc3 21. Bb2 Qd2 22. Qxc6 Qxb2 23. Qc5 a6 24. Rac1 Ne4 25. Qc2 Qxd4 26. Bg2 f5 27. Bxe4 fxe4 28. Qc5 Qf6 29. Qxd5+ Kh8 30. Rc2 e3 31. fxe3 h6 32. e4 Qb6+ 33. Qc5 Qb3 1-0

[Event "Warren Bottom-Half U1300 op"]
[Site "Warren"]
[Date "2004.06.27"]
[Round "4"]
[White "Oliver, Jaison"]
[Black "Barlow, Prince"]
[Result "0-1"]
[WhiteElo "1197"]
[BlackElo "1281"]
[PlyCount "67"]
[EventDate "2004.06.26"]
[EventType "swiss"]
[EventRounds "5"]
[EventCountry "USA"]
[SourceTitle "EXT 2008"]
[Source "ChessBase"]
[SourceDate "2007.11.25"]
[SourceVersion "1"]
[SourceVersionDate "2007.11.25"]
[SourceQuality "1"]

1. c4 e5 2. Nc3 Nc6 3. g3 a6 4. Bg2 Bc5 5. e3 Nge7 6. Nge2 d6 7. a3 0-0 8. Rb1 Bd7 9. d4 exd4 10. exd4 Ba7 11. d5 Na5 12. Qd3 Bf5 13. Ne4 Bg6 14. b4 f5 15. Bg5 fxe4 16. Bxe4 Bxf2+ 17. Kd1 Qd7 18. Bxe7 Qxe7 19. Bxg6 hxg6 20. bxa5 Rae8 21. Rb2 Qd7 22. Nf4 Qa4+ 23. Kc1 Be3+ 24. Kb1 Bxf4 25. gxf4 Qxa5 26. Rxb7 Rxf4 27. Rxc7 Qxc7 28. Qxg6 Rb8+ 29. Ka1 Qxc4 30. Rg1 Rf1+ 31. Rxf1 Qxf1+ 32. Ka2 Qf2+ 33. Qc2 Qxc2+ 34. Ka1 0-1

[Event "Warren Bottom-Half U1300 op"]
[Site "Warren"]
[Date "2004.06.26"]
[Round "1"]
[White "Oliver, Jaison"]
[Black "Sadagopan, Shilpa"]
[Result "1-0"]
[WhiteElo "1190"]
[BlackElo "732"]
[PlyCount "27"]
[EventDate "2004.06.26"]
[EventType "swiss"]
[EventRounds "5"]
[EventCountry "USA"]
[SourceTitle "EXT 2008"]
[Source "ChessBase"]
[SourceDate "2007.11.25"]
[SourceVersion "1"]
[SourceVersionDate "2007.11.25"]
[SourceQuality "1"]

1. c4 d5 2. cxd5 Qxd5 3. Nc3 Qe5 4. Nf3 Qf5 5. e4 b5 6. exf5 Bxf5 7. Bxb5+ c6 8. Bc4 Bg4 9. h3 Bf5 10. d4 h5 11. d5 cxd5 12. Qxd5 Be4 13. Bb5+ Nd7 14. Qxd7# 1-0